000 00919nam a2200265Ia 4500
003 OSt
005 20221005105247.0
006 a|||||r|||| 00| 0
007 ta
008 221004b |||||||| |||| 00| 0 mal d
020 _a8174790616 (hbk)
024 _a75704
037 _cTextual
040 _aCRL
_cCRL
_bmal
041 _2mal
_amal
082 _aO32,1N28x, 152P3
100 _aपुतुश्शेरी रामचन्द्रन
_9160725
245 0 _aपुतुश्शेरी की कविता
246 _aPutushsherī kī kavitā
260 _aनई दिल्ली
_bकावेरी बुक्स भारत
_c2003
300 _a188पृ0
_ccm.
650 _aमलयालम साहित्य
942 _hO32,1N28x, 152P3
_cTEXL
_2cc
999 _c1015303
_d1015303